000 00230 a2200097 4500
001 46150
100 _aParkinson R
245 _aEncyclopedia of Modern Warfare
260 _aLondon
_bRoutledge & Kegan P
_c
090 _c29254
_d29254
942 _aNUST-CAE
_cM
_c21396
999 _c281223
_d281223